00774cam a2200241 a 450000100090000000300040000900500170001300800410003001000170007102000180008803500240010604000350013005000240016508200220018910000200021124501160023125000120034726000440035930000350040350400510043865000250048970000180051416156762OSt20220723120645.0100326s2011 maua b 001 0 eng  a 2010010677 a9788131792476 a(OCoLC)ocn586123196 aDLCcDLCdYDXCPdC#PdBWXdDLC00aQA76.9.D3bE57 201100a005.74222bELM/D aElmasri, Ramez 10aDatabase systems : Models, languages, design and application programming /cRamez Elmasri, Shamkant B. Navathe. a6th ed. aNew Delhi :bDorling Kindersly,cc2013. axxv, 1214 p. :bill. ;c24 cm. aIncludes bibliographical references and index. 0aDatabase management.1 aNavathe, Sham